000 00642nam a2200181Ia 4500
008 100917s9999 xx 000 0 und d
082 _b21752
100 _aचिपळूणकर विष्णुशास्त्री
245 _aमराठी व्याकरणातील निबंध
260 _b---
300 _a289
365 _b1
520 _aभाषाशास्त्र
630 _aमराठी व्याकरणातील निबंध
650 _aभाषाशास्त्र
730 _aमराठी व्याकरणातील निबंध
942 _cBOOK
999 _c627146
_d627143